Statistics for criminology and criminal justice /

Na minha lista:
Detalhes bibliográficos
Autor principal: Bachman, Ronet
Outros Autores: Paternoster, Raymond
Formato: Livro
Publicado em: Boston : McGraw-Hill, c2004.
Edição:2nd ed.
Assuntos:
Acesso em linha:http://www.loc.gov/catdir/toc/mh041/2003051231.html
http://www.loc.gov/catdir/description/mh031/2003051231.html
Tags: Adicionar Tag
Sem tags, seja o primeiro a adicionar uma tag!

MARC

LEADER 00000cam a2200000 a 4500
005 20260418134409.0
020 |a 0072518448  |c TZS 10,000/= 
020 |a 9780072518441 
040 |a MCCL  |b eng.  |e AACR 2nd rev. ed. 
082 0 0 |a 364/.01519 BAC 
100 1 |a Bachman, Ronet. 
245 1 0 |a Statistics for criminology and criminal justice /  |c Ronet Bachman & Raymond Paternoster. 
250 |a 2nd ed. 
260 |a Boston :  |b McGraw-Hill,  |c c2004. 
300 |a xxv, 738, 14 p. :  |b ill. ;  |c 24 cm. 
500 |a Rev. ed. of: Statistical methods for criminology and criminal justice. c1997. 
504 |a Includes bibliographical references (p. 731-738) and index. 
650 0 |a Criminal statistics. 
700 1 |a Paternoster, Raymond. 
856 4 1 |u http://www.loc.gov/catdir/toc/mh041/2003051231.html 
856 4 2 |u http://www.loc.gov/catdir/description/mh031/2003051231.html 
942 |c BK 
999 |c 12687  |d 12687